Statystyki dla Quiz o Libii

Kliknij tutaj aby rozwiązać quiz!

Ogólne statystyki

  • Ten quiz został rozwiązany 158 razy
    (147 od ostatniego zresetowania)
  • Średni wynik to 12 z 19

Statystyki odpowiedzi

WskazówkaOdpowiedź% Poprawnych
Stolica LibiiTrypolis
95%
Egipt
95%
Język urzędowyArabski
95%
Tunezja
93%
Sudan
92%
Państwa granicząceAlgieria
92%
Czad
88%
Kraj europejski, który na krótko
skolonizował Libię
Włochy
88%
Niger
79%
Dyktator Libii z lat 1969 - 2011Mu’ammar al-Kaddafi
71%
Seria protestów,
które spowodowały upadek dyktatora
Arabska Wiosna
56%
Jedyna rzecz, która pojawiła się na
byłej fladze Libii w latach 1977–2011
Zielony
49%
Waluta LibiiDinar libijski
48%
Znaczenie nazwy stolicy
w języku greckim
Trzy Miasta
46%
Co to jest sirocco?
(w Libii znane jako ghibli)
Wiatr
43%
Drugie najbardziej
zaludnione miasto
Benghazi
37%
Lot zbombardowany przez Libię
nad Lockerbie w Szkocji w 1988 roku
{Pan} {Am} Lot 103
26%
Libia była częścią tego historycznego regionu pełnego piratówBerberia
22%
Słowo na „M”, które odnosi się do starej części
miasta w krajach Afryki Północnej
Medyna
19%

Rozkład punktacji

Percentyl według liczby udzielonych odpowiedzi

Procent ludzi z każdym wynikiem

Twoja historia wyników

Nie rozwiązałeś tego quizu od ostatniego zresetowania